|
|
|
|
| LEADER |
03910nam a2200853 i 4500 |
| 001 |
nkc20183039243 |
| 003 |
CZ PrNK |
| 005 |
20181105082240.0 |
| 007 |
ta |
| 008 |
181016s2018 xr a e c 000 0dcze |
| 020 |
|
|
|a 978-80-904244-3-2
|q (Maxiart ;
|q brožováno)
|
| 040 |
|
|
|a ABA001
|b cze
|e rda
|
| 041 |
1 |
|
|a cze
|a eng
|a ger
|h cze
|h ger
|
| 043 |
|
|
|a e-it---
|a e-xr---
|
| 045 |
|
|
|a v-y-
|
| 072 |
|
7 |
|a 75
|x Malířství
|2 Konspekt
|9 21
|
| 080 |
|
|
|a 27-36
|2 MRF
|
| 080 |
|
|
|a 7.04
|2 MRF
|
| 080 |
|
|
|a 75(437.3)
|2 MRF
|
| 080 |
|
|
|a 75.034.7
|2 MRF
|
| 080 |
|
|
|a 75.036/.038
|2 MRF
|
| 080 |
|
|
|a 75.051-025.42
|2 MRF
|
| 080 |
|
|
|a (450)
|2 MRF
|
| 080 |
|
|
|a (437.3)
|2 MRF
|
| 080 |
|
|
|a (083.824)
|2 MRF
|
| 245 |
0 |
0 |
|a Extáze sv. Františka v obrazech Jana Jiřího Hertla a Pavla Roučky =
|b Ecstasy of St. Francis in the paintings of Jan Jiří Hertl and Pavel Roučka : Muzeum Českého ráje v Turnově, 2018 /
|c Miroslav Cogan ; překlad: Otto Dvořák. Umělec Pavel Roučka a jeho cyklus o sv. Františkovi = Der Künstler Pavel Roučka und sein Franziskus-Zyklus : Muzeum Českého ráje v Turnově, 2018 / Martin Angerer
|
| 246 |
3 |
1 |
|a Ecstasy of St. Francis in the paintings of Jan Jiří Hertl and Pavel Roučka
|
| 264 |
|
1 |
|a [Turnov] :
|b Galerie Maxiart,
|c 2018
|
| 300 |
|
|
|a 46 stran :
|b barevné ilustrace ;
|c 32 cm
|
| 336 |
|
|
|a text
|b txt
|2 rdacontent
|
| 336 |
|
|
|a statický obraz
|b sti
|2 rdacontent
|
| 337 |
|
|
|a bez média
|b n
|2 rdamedia
|
| 338 |
|
|
|a svazek
|b nc
|2 rdacarrier
|
| 500 |
|
|
|a Částečně přeloženo z němčiny
|
| 500 |
|
|
|a Japonská vazba (jednostranně potištěné dvoulisty svázané do hřbetu knihy volnými okraji)
|
| 546 |
|
|
|a Souběžný anglický text, částečně souběžný německý text
|
| 550 |
|
|
|a Vydavatel: Muzeum Českého ráje v Turnově
|
| 600 |
0 |
7 |
|a František,
|c z Assisi, svatý,
|d 1182-1226
|7 jn19990210221
|2 czenas
|
| 600 |
1 |
7 |
|a Härtel, Jan Jiří,
|d asi 1670-1734
|7 jo20181011447
|2 czenas
|
| 600 |
1 |
7 |
|a Roučka, Pavel,
|d 1942-
|7 jk01102859
|2 czenas
|
| 648 |
|
7 |
|a 12.-13. století
|7 ch757064
|2 czenas
|
| 648 |
|
4 |
|a 1718
|
| 648 |
|
7 |
|a 18. století
|7 ch460556
|2 czenas
|
| 648 |
|
4 |
|a 1989-2018
|
| 648 |
|
7 |
|a 20.-21. století
|7 ch462155
|2 czenas
|
| 650 |
0 |
7 |
|a křesťanští světci
|7 ph115082
|z Itálie
|y 12.-13. století
|2 czenas
|
| 650 |
0 |
7 |
|a umělecké náměty
|7 ph138227
|2 czenas
|
| 650 |
0 |
7 |
|a české malířství
|7 ph116864
|y 18. století
|2 czenas
|
| 650 |
0 |
7 |
|a barokní malířství
|7 ph118762
|z Česko
|2 czenas
|
| 650 |
0 |
7 |
|a české malířství
|7 ph116864
|y 20.-21. století
|2 czenas
|
| 650 |
0 |
7 |
|a moderní malířství
|7 ph122940
|z Česko
|2 czenas
|
| 650 |
0 |
7 |
|a obrazové cykly
|7 ph720365
|2 czenas
|
| 650 |
0 |
9 |
|a Christian saints
|z Italy
|y 12th-13th centuries
|2 eczenas
|
| 650 |
0 |
9 |
|a artistic themes
|2 eczenas
|
| 650 |
0 |
9 |
|a Czech painting
|y 18th century
|2 eczenas
|
| 650 |
0 |
9 |
|a baroque painting
|z Czechia
|2 eczenas
|
| 650 |
0 |
9 |
|a Czech painting
|y 20th-21st centuries
|2 eczenas
|
| 650 |
0 |
9 |
|a modern painting
|z Czechia
|2 eczenas
|
| 650 |
0 |
9 |
|a painting series
|2 eczenas
|
| 655 |
|
7 |
|a katalogy výstav
|7 fd132536
|2 czenas
|
| 655 |
|
9 |
|a exhibition catalogs
|2 eczenas
|
| 700 |
1 |
|
|a Härtel, Jan Jiří,
|d asi 1670-1734
|7 jo20181011447
|4 art
|
| 700 |
1 |
|
|a Roučka, Pavel,
|d 1942-
|7 jk01102859
|4 art
|
| 700 |
1 |
|
|a Dvořák, Otto
|7 mzk2013769734
|4 trl
|
| 700 |
1 |
2 |
|a Cogan, Miroslav,
|d 1955-
|t Extáze sv. Františka v obrazech Jana Jiřího Hertla a Pavla Roučky
|
| 700 |
1 |
2 |
|a Angerer, Martin,
|d 1952-
|t Künstler Pavel Roučka und sein Franziskus-Zyklus
|
| 740 |
0 |
2 |
|a Umělec Pavel Roučka a jeho cyklus o sv. Františkovi
|
| 710 |
2 |
|
|a Muzeum Českého ráje (Turnov, Česko)
|7 ko2003171814
|4 orm
|4 isb
|
| 910 |
2 |
|
|a BOA001
|b 4-1414.504
|
| 928 |
9 |
|
|a Muzeum Českého ráje v Turnově
|
| 990 |
|
|
|a BK
|
| 995 |
|
|
|a 11
|
| 991 |
|
|
|b 201810
|c NOV
|
| 996 |
6 |
|
|b 2610755715
|c 4-1414.504
|l MZK
|r Sklad / do 1 hodiny
|n 0
|p p.v.
|w 001688825
|u 000010
|a 1
|e BOA001
|j MZK50
|s P
|